[Event "Calchess State Scholastics"]
[Site "Santa Clara"]
[Date "2004.03.21"]
[Round "5"]
[White "Miao, Liyao"]
[Black "Tao, Gary"]
[Result "1-0"]
[WhiteElo "1540"]
[BlackElo "1253"]
[PlyCount "65"]
[EventDate "2004.03.20"]
[EventType "team"]
[EventRounds "6"]
[EventCountry "USA"]
[SourceTitle "EXT 2007"]
[Source "ChessBase"]
[SourceDate "2006.11.23"]
[SourceVersion "1"]
[SourceVersionDate "2006.11.23"]
[SourceQuality "1"]

1. e4 e5 2. Nf3 d5 3. exd5 Bd6 4. Bc4 Ne7 5. d3 c6 6. dxc6 Nbxc6 7. Bg5 f6 8. Be3 Bg4 9. Nbd2 Qc7 10. h3 Bh5 11. Be6 f5 12. g4 Bg6 13. gxf5 Bxf5 14. Ng5 Nd8 15. Bb3 h6 16. Nge4 Ne6 17. Qh5+ g6 18. Qh4 0-0-0 19. Bxa7 g5 20. Nxd6+ Rxd6 21. Qb4 Nc6 22. Qa4 b6 23. Nc4 Kb7 24. Bxb6 Qe7 25. Nxd6+ Qxd6 26. Qb5 Nc7 27. Bxc7+ Kxc7 28. 0-0-0 Rb8 29. Qc4 Rb4 30. Qf7+ Ne7 31. Rhe1 Rf4 32. Rd2 Bxh3 33. Qg7 1-0

[Event "Calchess State Scholastics"]
[Site "Santa Clara"]
[Date "2004.03.20"]
[Round "1"]
[White "Hsu, Jonathan"]
[Black "Miao, Liyao"]
[Result "1/2-1/2"]
[WhiteElo "1041"]
[BlackElo "1540"]
[PlyCount "69"]
[EventDate "2004.03.20"]
[EventType "team"]
[EventRounds "6"]
[EventCountry "USA"]
[SourceTitle "EXT 2007"]
[Source "ChessBase"]
[SourceDate "2006.11.23"]
[SourceVersion "1"]
[SourceVersionDate "2006.11.23"]
[SourceQuality "1"]

1. e4 e5 2. d4 exd4 3. c3 dxc3 4. Bc4 d6 5. Nf3 Nf6 6. 0-0 Be7 7. e5 dxe5 8. Qb3 0-0 9. Nxe5 Qe8 10. Nxc3 Nc6 11. Nxc6 Qxc6 12. Bb5 Qe6 13. Qxe6 Bxe6 14. Bf4 c6 15. Be2 Rad8 16. Be3 b6 17. Bf3 Nd5 18. Nxd5 Bxd5 19. a3 Bxf3 20. gxf3 Rd6 21. Rfe1 Bf6 22. Rab1 Bh4 23. b4 f5 24. f4 Rd3 25. a4 Ra3 26. a5 bxa5 27. Bxa7 Rf6 28. bxa5 Rxa5 29. Bd4 Rg6+ 30. Kf1 Ra8 31. Rb7 Bf6 32. Bxf6 Rxf6 33. Rc7 Rh6 34. Kg1 Rg6+ 35. Kf1 1/2-1/2